书目信息 |
| 题名: |
面向管理的数量分析
|
|
| 作者: | 伦德尔 , 斯泰尔 , 汉纳 著 ;王明进 , 黄涛 改编 | |
| 分册: | ||
| 出版信息: | 北京 北京大学出版社 2007.12 |
|
| 页数: | xix, 623页 | |
| 开本: | 25cm | |
| 丛书名: | MBA精选教材·英文改编版 | |
| 单 册: | ||
| 中图分类: | F224.0 | |
| 科图分类: | ||
| 主题词: | 企业管理--qi ye guan li--数量经济学--研究生--英文--教材 | |
| 电子资源: | ||
| ISBN: | 978-7-301-12838-1 | |
| 000 | 01597nam 2200337 450 | |
| 001 | 012008664733 | |
| 005 | 20080606085822.20 | |
| 010 | @a978-7-301-12838-1@dCNY65.00 | |
| 100 | @a20080605d2007 em y0chiy0120 ea | |
| 101 | 0 | @aeng |
| 102 | @aCN@b110000 | |
| 105 | @aack z 000yy | |
| 106 | @ar | |
| 200 | 1 | @a面向管理的数量分析@Amian xiang guan li de shu liang fen xi@d= Quantitative analysis for management@fBarry Render, Ralph M. Stair, Jr. Michael E. Hanna著@FBarry Render,Ralph M.Stair,Jr.Michael E.Hanna zhu@g王明进, 黄涛改编@Gwang ming jin,huang tao gai bian@zeng |
| 210 | @a北京@c北京大学出版社@d2007.12 | |
| 215 | @axix, 623页@c图, 肖像@d25cm | |
| 225 | 2 | @aMBA精选教材·英文改编版@AMBA jing xuan jiao cai·ying wen gai bian ban |
| 305 | @a据原书第9版改编 | |
| 314 | @a责任者Barry Render规范汉译姓: 伦德尔; 责任者Ralph M. Stair规范汉译姓: 斯泰尔; 责任者Jr. Michael E. Hanna规范汉译姓: 汉纳 | |
| 330 | @a本书是一本有关运筹学、管理科学和数量分析的优秀教科书。本书聚焦于问题的建模和利用计算机实现建模两个重点,同时广泛吸收了近20年来管理科学和数量分析的原则。 | |
| 410 | 0 | @12001 @aMBA精选教材·英文改编版 |
| 510 | 1 | @aQuantitative analysis for management@zeng |
| 606 | 0 | @a企业管理@Aqi ye guan li@x数量经济学@x研究生@x英文@j教材 |
| 690 | @aF224.0@v4 | |
| 701 | 1 | @a伦德尔@Alun de er@g(Render, Barry)@4著 |
| 701 | 1 | @a斯泰尔@Asi tai er@g(Stair, Ralph M.)@4著 |
| 701 | 1 | @a汉纳@Ahan na@g(Hanna, Jr. Michael E.)@4著 |
| 702 | 0 | @a王明进@Awang ming jin@4改编 |
| 702 | 0 | @a黄涛@Ahuang tao@4改编 |
| 801 | 0 | @aCN@bQSSK@c20080606 |
| 905 | @b725046-47@dF224.0@eL926@f2 | |
| 面向管理的数量分析= Quantitative analysis for management/Barry Render, Ralph M. Stair, Jr. Michael E. Hanna著/王明进, 黄涛改编.-北京:北京大学出版社,2007.12 |
| xix, 623页:图, 肖像;25cm.-(MBA精选教材·英文改编版) |
| ISBN 978-7-301-12838-1:CNY65.00 |
| 本书是一本有关运筹学、管理科学和数量分析的优秀教科书。本书聚焦于问题的建模和利用计算机实现建模两个重点,同时广泛吸收了近20年来管理科学和数量分析的原则。 |
| ● |
| 相关链接 |
|
|
|
正题名:面向管理的数量分析
索取号:F224.0/L926
 
预约/预借
| 序号 | 登录号 | 条形码 | 馆藏地/架位号 | 状态 | 备注 |
| 1 | 725046 | 207250464 | 社科库409/409社科库 72排4列5层/ [索取号:F224.0/L926] | 在馆 | |
| 2 | 725047 | 207250473 | 社科二线422/409社科库 72排4列5层/ [索取号:F224.0/L926] | 在馆 |